000 00870nam a2200265Ia 4500
003 OSt
005 20220930091316.0
006 a|||||r|||| 00| 0
007 ta
008 220926b |||||||| |||| 00| 0 eng d
024 _a5134
037 _cTheses
040 _aCRL
_cCRL
_beng
041 _2eng
_aeng
100 _aPuneet Kumar
_9542259
110 _aUniversity of Delhi. Faculty of Medical Sciences. Department of Medicine
245 0 _aRole of some inflammatory markers in obstructive sleep apnea - effect of grape seed extract
260 _c2012
650 _aPHYSIOLOGY
700 _a Dr. K. Ravi Gu.
_9533992
700 _a Dr. V. K. Vijayan Gu.
_9535940
700 _aUniversity of Delhi. Faculty of Medical Sciences. Department of Medicine
942 _cDIS
_2CC
999 _c881922
_d881922